[Event "Wch Seniors 65 28th"]
[Site "Bled"]
[Date "2018.11.28"]
[Round "10"]
[White "Sorcnik, Franc"]
[Black "Bondar, Leonid"]
[Result "1/2-1/2"]
[WhiteElo "2028"]
[BlackElo "1931"]
[PlyCount "75"]
[EventDate "2018.11.18"]
[EventType "swiss"]
[EventRounds "11"]
[EventCountry "SLO"]
[SourceTitle "CBM 187 Extra"]
[Source "ChessBase"]
[SourceDate "2018.11.04"]
[SourceVersion "1"]
[SourceVersionDate "2018.11.04"]
[SourceQuality "1"]

1. e4 c6 2. b3 d5 3. exd5 cxd5 4. Bb2 Nc6 5. Nf3 Bg4 6. h3 Bh5 7. Be2 e6 8. 0-0 Nf6 9. Ne5 Bxe2 10. Qxe2 Bd6 11. d4 0-0 12. Nd2 Rc8 13. c3 Qe7 14. a4 Nd7 15. f4 f6 16. Nd3 Rfe8 17. Qf3 f5 18. c4 Bb4 19. cxd5 Bxd2 20. dxc6 Rxc6 21. Rad1 Bc3 22. Bxc3 Rxc3 23. Qxb7 Nf6 24. Qxe7 Rxe7 25. Nc5 Nd5 26. Rd3 Rc2 27. g3 Kf7 28. Rf2 Rc1+ 29. Kg2 Nb4 30. Rdd2 Nd5 31. Rfe2 h6 32. h4 Rc3 33. Kf2 Rc1 34. Rc2 Rd1 35. Red2 Ra1 36. Ra2 Rc1 37. Rac2 Ra1 38. Ra2 1/2-1/2

[Event "SLO-chT 27th"]
[Site "Slovenia"]
[Date "2017.12.10"]
[Round "9.5"]
[White "Sorcnik, Franc"]
[Black "Pozun, Matej"]
[Result "1/2-1/2"]
[WhiteElo "2060"]
[BlackElo "2140"]
[PlyCount "66"]
[EventDate "2017.09.29"]
[EventType "team-tourn"]
[EventRounds "9"]
[EventCountry "SLO"]
[SourceTitle "EXT 2019"]
[Source "ChessBase"]
[SourceDate "2018.10.10"]
[SourceVersion "1"]
[SourceVersionDate "2018.10.10"]
[SourceQuality "1"]
[WhiteTeam "Slovenska Bistrica Impol"]
[BlackTeam "Krsko Triglav"]
[WhiteTeamCountry "SLO"]
[BlackTeamCountry "SLO"]

1. e4 c5 2. Nf3 Nc6 3. d4 cxd4 4. Nxd4 Nf6 5. Nc3 e5 6. Ndb5 d6 7. a4 a6 8. Na3 Bg4 9. f3 Be6 10. Be3 d5 11. exd5 Nxd5 12. Nxd5 Bxd5 13. c4 Be6 14. Qxd8+ Rxd8 15. Nc2 Nb4 16. Nxb4 Bxb4+ 17. Kf2 f5 18. Be2 Ke7 19. Rhd1 f4 20. Bb6 Rc8 21. b3 a5 22. Kf1 Rc6 23. Bf2 b6 24. Bd3 Bc5 25. Be4 Rd6 26. Rxd6 Kxd6 27. Rd1+ Kc7 28. Bh4 Bd4 29. Be7 h6 30. Bg6 Kd7 31. Ba3 Kc6 32. Be4+ Kc7 33. Bg6 Rd8 1/2-1/2

[Event "SLO-chT"]
[Site "Slovenia"]
[Date "2016.12.10"]
[Round "8.3"]
[White "Sorcnik, Franc"]
[Black "Kovacic, Peter"]
[Result "1/2-1/2"]
[WhiteElo "2056"]
[BlackElo "2189"]
[PlyCount "68"]
[EventDate "2016.10.14"]
[EventType "team-tourn"]
[EventRounds "9"]
[EventCountry "SLO"]
[SourceTitle "EXT 2018"]
[Source "ChessBase"]
[SourceDate "2017.10.13"]
[SourceVersion "1"]
[SourceVersionDate "2017.10.13"]
[SourceQuality "1"]
[WhiteTeam "Impol Slovenska Bistrica"]
[BlackTeam "Prevodi Dvojka"]
[WhiteTeamCountry "SLO"]
[BlackTeamCountry "SLO"]

1. e4 Nc6 2. Nf3 e5 3. Bb5 g6 4. 0-0 Nge7 5. Re1 Bg7 6. Nc3 0-0 7. d3 d6 8. Bg5 h6 9. Bxe7 Nxe7 10. Bc4 c6 11. Bb3 Kh7 12. d4 Qc7 13. dxe5 dxe5 14. Qe2 b5 15. a4 b4 16. Nd1 a5 17. Bc4 Bb7 18. Ne3 Nc8 19. Bd3 Nd6 20. Nc4 Nxc4 21. Bxc4 Rad8 22. Rad1 Bc8 23. Rxd8 Rxd8 24. Rd1 Rxd1+ 25. Qxd1 f5 26. Nd2 Qd6 27. Qe2 Qd4 28. b3 fxe4 29. Nxe4 Bf5 30. Bd3 Qa1+ 31. Qf1 Qd4 32. Qe2 Qa1+ 33. Qf1 Qd4 34. Qe2 Qa1+ 1/2-1/2

[Event "Ptuj op"]
[Site "Ptuj"]
[Date "2015.08.11"]
[Round "9"]
[White "Sorcnik, Franc"]
[Black "Janzekovic, Klemen Tilen"]
[Result "1/2-1/2"]
[WhiteElo "2057"]
[BlackElo "1911"]
[PlyCount "38"]
[EventDate "2015.08.03"]
[EventType "swiss"]
[EventRounds "9"]
[EventCountry "SLO"]
[SourceTitle "CBM 167 Extra"]
[Source "ChessBase"]
[SourceDate "2015.09.14"]
[SourceVersion "1"]
[SourceVersionDate "2015.09.14"]
[SourceQuality "1"]

1. e4 c5 2. Nf3 d6 3. c4 e5 4. Nc3 Nc6 5. d3 Nf6 6. Be2 Be7 7. 0-0 0-0 8. h3 h6 9. Nh2 Nh7 10. Nd5 Nd4 11. Bg4 Bg5 12. f4 exf4 13. Bxf4 f5 14. exf5 Bxf5 15. Kh1 Kh8 16. Kg1 Kg8 17. Kh1 Kh8 18. Kg1 Kg8 19. Kh1 Kh8 1/2-1/2

[Event "Ptuj op"]
[Site "Ptuj"]
[Date "2015.08.09"]
[Round "7"]
[White "Kastelic, Marian"]
[Black "Sorcnik, Franc"]
[Result "1/2-1/2"]
[WhiteElo "2340"]
[BlackElo "2057"]
[PlyCount "75"]
[EventDate "2015.08.03"]
[EventType "swiss"]
[EventRounds "9"]
[EventCountry "SLO"]
[SourceTitle "CBM 167 Extra"]
[Source "ChessBase"]
[SourceDate "2015.09.14"]
[SourceVersion "1"]
[SourceVersionDate "2015.09.14"]
[SourceQuality "1"]

1. c4 Nf6 2. Nc3 g6 3. e4 d6 4. d4 Nbd7 5. Nf3 e5 6. Be2 Bg7 7. 0-0 0-0 8. h3 exd4 9. Nxd4 Re8 10. Bg5 h6 11. Bh4 Nc5 12. f3 Qd7 13. Re1 Nh5 14. g4 Nf4 15. Bf1 Nce6 16. Nxe6 fxe6 17. Qd2 Qf7 18. Bg3 Be5 19. Kh2 b6 20. Ne2 Rf8 21. Rac1 Qf6 22. b4 a5 23. Nxf4 Bxf4 24. Bxf4 Qxf4+ 25. Qxf4 Rxf4 26. Kg3 Rf8 27. c5 axb4 28. cxd6 cxd6 29. Rc6 Ra3 30. Be2 Bb7 31. Rxd6 Bxe4 32. Rxe6 Bxf3 33. Bxf3 Rfxf3+ 34. Kg2 Rg3+ 35. Kf2 Rgf3+ 36. Kg2 Rg3+ 37. Kf2 Rgf3+ 38. Kg2 1/2-1/2

[Event "Ptuj op"]
[Site "Ptuj"]
[Date "2015.08.05"]
[Round "3"]
[White "Sorcnik, Franc"]
[Black "Tolic, Mato"]
[Result "1-0"]
[WhiteElo "2057"]
[BlackElo "1889"]
[PlyCount "118"]
[EventDate "2015.08.03"]
[EventType "swiss"]
[EventRounds "9"]
[EventCountry "SLO"]
[SourceTitle "CBM 167 Extra"]
[Source "ChessBase"]
[SourceDate "2015.09.14"]
[SourceVersion "1"]
[SourceVersionDate "2015.09.14"]
[SourceQuality "1"]

1. e4 d6 2. d4 Nf6 3. Nc3 g6 4. f4 Bg7 5. Nf3 0-0 6. Be2 c5 7. e5 Nfd7 8. exd6 exd6 9. 0-0 cxd4 10. Nb5 Qb6 11. Nbxd4 Nc6 12. c3 Nc5 13. Kh1 Ne4 14. Bd3 d5 15. Qb3 Qd8 16. Qc2 Re8 17. Bd2 Nxd2 18. Qxd2 Bg4 19. Bb5 Qb6 20. a4 a6 21. a5 Qc7 22. Ba4 Re4 23. Ng5 Re7 24. Ngf3 Nxa5 25. f5 Nc4 26. Qg5 Ne3 27. f6 h6 28. Qh4 Bxf3 29. Rxf3 Re4 30. Qh3 Bxf6 31. Rxf6 b5 32. Bxb5 Qe5 33. Rf3 Qg5 34. g3 Rb8 35. Qd7 Re7 36. Qd6 Rf8 37. Bxa6 Re4 38. Bd3 Rg4 39. Qf6 Qxf6 40. Rxf6 Rg5 41. Rf4 Re5 42. b4 f5 43. b5 Re7 44. Rf2 Rc8 45. Nc6 Ree8 46. h3 d4 47. cxd4 Kg7 48. Re2 g5 49. Rae1 f4 50. gxf4 gxf4 51. d5 Rf8 52. d6 Rf7 53. Rg1+ Kf8 54. Ne7 Rxe7 55. dxe7+ Kxe7 56. Rf1 Rf8 57. Rxe3+ fxe3 58. Rxf8 Kxf8 59. b6 Ke8 1-0

[Event "Maribor Pirc Memorial op 19th"]
[Site "Maribor"]
[Date "2015.07.02"]
[Round "9"]
[White "Sorcnik, Franc"]
[Black "Kosmac, Blaz"]
[Result "0-1"]
[WhiteElo "2049"]
[BlackElo "2223"]
[PlyCount "58"]
[EventDate "2015.06.25"]
[EventType "swiss"]
[EventRounds "9"]
[EventCountry "SLO"]
[SourceTitle "CBM 167 Extra"]
[Source "ChessBase"]
[SourceDate "2015.09.14"]
[SourceVersion "1"]
[SourceVersionDate "2015.09.14"]
[SourceQuality "1"]

1. c4 Nf6 2. b3 e5 3. Bb2 Nc6 4. Nc3 d5 5. cxd5 Nxd5 6. Nxd5 Qxd5 7. e3 Bf5 8. f3 Bd3 9. Bc3 Nb4 10. Bxb4 Bxb4 11. Ne2 0-0-0 12. Nc3 Qc5 13. Rc1 Bxf1 14. Rxf1 Rd3 15. Ke2 Rhd8 16. Qc2 Qd6 17. Rfd1 f5 18. a3 Bxc3 19. dxc3 e4 20. f4 Qc5 21. Kf1 Qxe3 22. Rxd3 exd3 23. Qb1 Qxf4+ 24. Kg1 Qe3+ 25. Kf1 Qe2+ 26. Kg1 d2 27. Rd1 Re8 28. Qxf5+ Kb8 29. Qf1 Qxd1 0-1

[Event "Maribor Pirc Memorial op 19th"]
[Site "Maribor"]
[Date "2015.06.27"]
[Round "3"]
[White "Stevanic, David"]
[Black "Sorcnik, Franc"]
[Result "1-0"]
[WhiteElo "1884"]
[BlackElo "2049"]
[PlyCount "87"]
[EventDate "2015.06.25"]
[EventType "swiss"]
[EventRounds "9"]
[EventCountry "SLO"]
[SourceTitle "CBM 167 Extra"]
[Source "ChessBase"]
[SourceDate "2015.09.14"]
[SourceVersion "1"]
[SourceVersionDate "2015.09.14"]
[SourceQuality "1"]

1. e4 c6 2. d4 g6 3. a4 Bg7 4. Nc3 d6 5. g3 Nf6 6. Bg2 0-0 7. Nge2 e5 8. h3 a5 9. 0-0 Ne8 10. Be3 Qe7 11. f4 f5 12. exf5 exd4 13. Bxd4 gxf5 14. Kh2 Nd7 15. Re1 Ndf6 16. Ng1 Qf7 17. Nf3 h6 18. Nh4 Kh7 19. Bf3 d5 20. Bc5 Ne4 21. Bh5 Qf6 22. Bxf8 Qxf8 23. Bg6+ Kg8 24. Nxd5 Qc5 25. Ne3 N8d6 26. g4 fxg4 27. hxg4 Bd4 28. Nhg2 Be6 29. c3 Bf6 30. Bxe4 Nxe4 31. Qd3 Bxg4 32. Nxg4 Qh5+ 33. Kg1 Qxg4 34. Qxe4 Qg7 35. Rad1 Kh8 36. Rd2 Rg8 37. Red1 Qc7 38. Rd7 Qb6+ 39. Kh1 Bg7 40. Nh4 Ra8 41. Ng6+ Kg8 42. Qe6+ Kh7 43. Rxg7+ Kxg7 44. Rd7# 1-0

[Event "Ptuj op"]
[Site "Ptuj"]
[Date "2014.08.21"]
[Round "8"]
[White "Sorcnik, Franc"]
[Black "Solmajer, Luka"]
[Result "0-1"]
[WhiteElo "2048"]
[BlackElo "2055"]
[PlyCount "77"]
[EventDate "2014.08.15"]
[EventType "swiss"]
[EventRounds "9"]
[EventCountry "SLO"]
[SourceTitle "CBM 161 Extra"]
[Source "ChessBase"]
[SourceDate "2014.08.29"]
[SourceVersion "1"]
[SourceVersionDate "2014.08.29"]
[SourceQuality "1"]

1. e4 c5 2. Nf3 Nc6 3. Nc3 g6 4. b3 Bg7 5. Bb2 Nf6 6. Nd5 0-0 7. Nxf6+ exf6 8. d3 Re8 9. Qd2 d5 10. 0-0-0 d4 11. h4 a5 12. h5 a4 13. hxg6 fxg6 14. Re1 Nb4 15. a3 Na2+ 16. Kb1 axb3 17. cxb3 Nc3+ 18. Bxc3 dxc3 19. Qa2 b5 20. Kc2 Be6 21. d4 b4 22. a4 cxd4 23. Bd3 Qd6 24. Re2 Bc8 25. Rd1 Ba6 26. Ne1 f5 27. f3 Bh6 28. Bxa6 Qxa6 29. Nd3 fxe4 30. fxe4 Be3 31. e5 Rxe5 32. Rde1 Rb5 33. Qb1 Rbb8 34. Qd1 Qd6 35. Rf1 Rxa4 36. Rxe3 Ra2+ 37. Kb1 c2+ 38. Kxa2 cxd1Q 39. Rxd1 0-1

[Event "Ptuj op"]
[Site "Ptuj"]
[Date "2014.08.19"]
[Round "6"]
[White "Janzelj, Tim"]
[Black "Sorcnik, Franc"]
[Result "1-0"]
[WhiteElo "2316"]
[BlackElo "2048"]
[PlyCount "63"]
[EventDate "2014.08.15"]
[EventType "swiss"]
[EventRounds "9"]
[EventCountry "SLO"]
[SourceTitle "CBM 161 Extra"]
[Source "ChessBase"]
[SourceDate "2014.08.29"]
[SourceVersion "1"]
[SourceVersionDate "2014.08.29"]
[SourceQuality "1"]

1. d4 Nf6 2. c4 g6 3. Nc3 d5 4. cxd5 Nxd5 5. e4 Nxc3 6. bxc3 Bg7 7. Be3 c5 8. Qd2 Qa5 9. Nf3 Nc6 10. Rb1 cxd4 11. cxd4 Qxd2+ 12. Kxd2 0-0 13. d5 Rd8 14. Bd3 Nb8 15. Rhc1 b6 16. Rc7 Na6 17. Rxc8 Raxc8 18. Bxa6 Rc7 19. Rc1 Rxc1 20. Kxc1 f5 21. exf5 gxf5 22. Bd4 Bh6+ 23. Kc2 Kf8 24. Bc4 b5 25. Bxb5 Rxd5 26. a4 Bg7 27. Bxa7 e5 28. Nd2 e4 29. Nb3 Bh6 30. Bc5+ Kg7 31. a5 f4 32. Bc6 1-0

[Event "Ptuj op"]
[Site "Ptuj"]
[Date "2014.08.16"]
[Round "2"]
[White "Sorcnik, Franc"]
[Black "Kejzar, Petra"]
[Result "1-0"]
[WhiteElo "2048"]
[BlackElo "1990"]
[PlyCount "120"]
[EventDate "2014.08.15"]
[EventType "swiss"]
[EventRounds "9"]
[EventCountry "SLO"]
[SourceTitle "CBM 161 Extra"]
[Source "ChessBase"]
[SourceDate "2014.08.29"]
[SourceVersion "1"]
[SourceVersionDate "2014.08.29"]
[SourceQuality "1"]

1. Nf3 Nf6 2. g3 d5 3. b3 Bf5 4. Bg2 e6 5. Bb2 Be7 6. 0-0 0-0 7. d3 c5 8. Nh4 Nc6 9. Nxf5 exf5 10. Nd2 Qc7 11. Rc1 Rad8 12. Bxf6 Bxf6 13. c4 Nb4 14. a3 Na2 15. Rc2 Nc3 16. Qe1 Rfe8 17. Nb1 d4 18. Nxc3 dxc3 19. Bd5 f4 20. Qc1 fxg3 21. hxg3 Qb6 22. Qb1 a5 23. Kg2 Rd6 24. Qa2 Qa6 25. Rb1 Rb6 26. e3 Rd8 27. Re2 Rxd5 28. cxd5 Qxd3 29. e4 c4 30. b4 Bg5 31. Qc2 Bd2 32. Qxd3 cxd3 33. Rxd2 cxd2 34. Kf3 axb4 35. axb4 Rxb4 36. Rd1 Rb2 37. Ke3 Kf8 38. Kxd3 g5 39. Kc3 Ra2 40. Kb3 Ra6 41. Rxd2 Ke7 42. f4 h6 43. e5 Kd7 44. Rf2 g4 45. Rh2 Ra5 46. d6 Rd5 47. Kc4 Kc6 48. Rxh6 b5+ 49. Kc3 Kc5 50. Rf6 b4+ 51. Kc2 Kc4 52. Rxf7 b3+ 53. Kc1 Ra5 54. Rc7+ Kb4 55. d7 Ra1+ 56. Kb2 Ra2+ 57. Kb1 Rd2 58. e6 Ka3 59. Ra7+ Kb4 60. Rb7+ Ka3 1-0

[Event "SLO-ch 23rd"]
[Site "Sentjur"]
[Date "2013.04.12"]
[Round "7"]
[White "Sorcnik, Franc"]
[Black "Brinovec, David"]
[Result "1-0"]
[WhiteElo "2076"]
[BlackElo "1836"]
[PlyCount "49"]
[EventDate "2013.04.06"]
[EventType "swiss"]
[EventRounds "9"]
[EventCountry "SLO"]
[SourceTitle "CBM 153 Extra"]
[Source "ChessBase"]
[SourceDate "2013.04.22"]
[SourceVersion "1"]
[SourceVersionDate "2013.04.22"]
[SourceQuality "1"]

1. e4 e5 2. Nf3 Nc6 3. Bb5 Nge7 4. 0-0 g6 5. b3 Bg7 6. Bb2 0-0 7. d4 exd4 8. Nxd4 Re8 9. Nxc6 Nxc6 10. Bxg7 Kxg7 11. Nc3 a6 12. Be2 d6 13. Qd2 Be6 14. Rad1 Qe7 15. Rfe1 f6 16. f4 Qf7 17. Bf3 Rad8 18. g3 Re7 19. Re3 Red7 20. a3 Ne7 21. Qe2 c6 22. Re1 Re8 23. f5 gxf5 24. Bh5 Ng6 25. exf5 1-0

[Event "SLO-ch 23rd"]
[Site "Sentjur"]
[Date "2013.04.11"]
[Round "6"]
[White "Bratkovic, Sham"]
[Black "Sorcnik, Franc"]
[Result "1/2-1/2"]
[WhiteElo "1956"]
[BlackElo "2076"]
[PlyCount "68"]
[EventDate "2013.04.06"]
[EventType "swiss"]
[EventRounds "9"]
[EventCountry "SLO"]
[SourceTitle "CBM 153 Extra"]
[Source "ChessBase"]
[SourceDate "2013.04.22"]
[SourceVersion "1"]
[SourceVersionDate "2013.04.22"]
[SourceQuality "1"]

1. e4 c5 2. Nf3 d6 3. d4 cxd4 4. Nxd4 Nf6 5. Nc3 g6 6. Be3 Nc6 7. f3 Bd7 8. Qd2 Bg7 9. 0-0-0 h5 10. Be2 Nxd4 11. Bxd4 Bc6 12. Kb1 a6 13. Qe3 b5 14. e5 dxe5 15. Bxe5 Qc8 16. Bd6 Qb7 17. Rhe1 e6 18. Bd3 Nd5 19. Nxd5 Bxd5 20. Qg5 Kd7 21. Bc5 Rae8 22. Be4 Kc8 23. a3 Bxe4 24. fxe4 Rd8 25. e5 Rd5 26. Bd6 Rd8 27. Rxd5 Qxd5 28. Qe3 Kb7 29. Rf1 Rd7 30. Rf2 Qd1+ 31. Ka2 Qd5+ 32. Kb1 Qd1+ 33. Ka2 Qd5+ 34. Kb1 Qd1+ 1/2-1/2

[Event "SLO-ch 23rd"]
[Site "Sentjur"]
[Date "2013.04.10"]
[Round "5"]
[White "Sorcnik, Franc"]
[Black "Urbanc, Suzana"]
[Result "1-0"]
[WhiteElo "2076"]
[BlackElo "1646"]
[PlyCount "75"]
[EventDate "2013.04.06"]
[EventType "swiss"]
[EventRounds "9"]
[EventCountry "SLO"]
[SourceTitle "CBM 153 Extra"]
[Source "ChessBase"]
[SourceDate "2013.04.22"]
[SourceVersion "1"]
[SourceVersionDate "2013.04.22"]
[SourceQuality "1"]

1. Nf3 Nc6 2. g3 e5 3. d3 h6 4. c4 Nf6 5. Bg2 Bc5 6. Nc3 0-0 7. 0-0 d6 8. Na4 Ne7 9. Nxc5 dxc5 10. Nxe5 Qd4 11. Nf3 Qg4 12. Bf4 Qh5 13. Bxc7 Bh3 14. Bd6 Rfe8 15. Nh4 Bxg2 16. Kxg2 Rad8 17. Bxe7 Rxe7 18. e3 Qg5 19. h3 Nh7 20. Nf3 Qf6 21. Qc2 h5 22. Rad1 Qc6 23. d4 cxd4 24. exd4 g5 25. d5 Qf6 26. Nd4 g4 27. hxg4 hxg4 28. Rh1 Ng5 29. Rh4 Rde8 30. Rxg4 Re2 31. Rxg5+ Qxg5 32. Nxe2 Kg7 33. Qc3+ f6 34. Nf4 Kf7 35. Ne6 Qg4 36. Qd4 Qf5 37. Rh1 Rg8 38. Rh4 1-0

[Event "SLO-ch 23rd"]
[Site "Sentjur"]
[Date "2013.04.08"]
[Round "3"]
[White "Sorcnik, Franc"]
[Black "Bajc, Aleksander"]
[Result "1-0"]
[WhiteElo "2076"]
[BlackElo "1587"]
[PlyCount "45"]
[EventDate "2013.04.06"]
[EventType "swiss"]
[EventRounds "9"]
[EventCountry "SLO"]
[SourceTitle "CBM 153 Extra"]
[Source "ChessBase"]
[SourceDate "2013.04.22"]
[SourceVersion "1"]
[SourceVersionDate "2013.04.22"]
[SourceQuality "1"]

1. e4 c5 2. Nf3 Nc6 3. b3 d6 4. Bb2 e5 5. Nc3 Nf6 6. h3 a6 7. a4 Be7 8. Be2 h6 9. Nh2 0-0 10. 0-0 Be6 11. f4 exf4 12. Rxf4 Qd7 13. d3 Rad8 14. Bg4 Nxg4 15. Nxg4 Bg5 16. Rf1 Nd4 17. Nd5 Bxg4 18. hxg4 Ne6 19. Rf5 b5 20. Qe2 b4 21. Qf2 Nc7 22. Rxg5 hxg5 23. Nf6+ 1-0

[Event "SLO-chT1 Ost"]
[Site "Maribor"]
[Date "2012.10.12"]
[Round "2"]
[White "Kos, Igor"]
[Black "Sorcnik, Franc"]
[Result "1/2-1/2"]
[WhiteElo "2059"]
[BlackElo "2091"]
[PlyCount "40"]
[EventDate "2012.10.11"]
[EventType "team-tourn"]
[EventRounds "9"]
[EventCountry "SLO"]
[SourceTitle "EXT 2022"]
[Source "ChessBase"]
[SourceDate "2021.10.06"]
[SourceVersion "1"]
[SourceVersionDate "2021.10.06"]
[SourceQuality "1"]

1. e4 e5 2. Nf3 Nc6 3. Bb5 a6 4. Ba4 Nf6 5. 0-0 Be7 6. Re1 b5 7. Bb3 0-0 8. a4 Bb7 9. c3 d6 10. d3 Nb8 11. axb5 axb5 12. Rxa8 Bxa8 13. Na3 c6 14. Nc2 Nfd7 15. Ne3 g6 16. Ng4 Nc5 17. Nh6+ Kg7 18. Ng4 Kg8 19. Nh6+ Kg7 20. Ng4 Kg8 1/2-1/2